|
|
|
|
| LEADER |
01740nam a2200385 i 4500 |
| 001 |
EBC5159432 |
| 003 |
MiAaPQ |
| 005 |
20200520144314.0 |
| 006 |
m o d | |
| 007 |
cr cnu|||||||| |
| 008 |
190307s2007 gw o 000 0 ger d |
| 020 |
|
|
|z 9783486581065
|
| 020 |
|
|
|a 9783110446340 (e-book)
|
| 035 |
|
|
|a (MiAaPQ)EBC5159432
|
| 035 |
|
|
|a (Au-PeEL)EBL5159432
|
| 035 |
|
|
|a (OCoLC)1089004218
|
| 040 |
|
|
|a MiAaPQ
|b eng
|e rda
|e pn
|c MiAaPQ
|d MiAaPQ
|
| 050 |
|
4 |
|a PN663
|b .T498 2007
|
| 082 |
0 |
|
|a 809.02
|2 23
|
| 245 |
0 |
0 |
|a Text und Kontext :
|b Fallstudien und theoretische Begrundungen einer kulturwissenschaftlich angeleiteten Mediavistik /
|c herausgegeben von Jan-Dirk Muller ; unter Mitarbeit von Elisabeth Muller-Luckner.
|
| 264 |
|
1 |
|a Munchen :
|b R. Oldenbourg Verlag,
|c [2007]
|
| 264 |
|
4 |
|c 2007
|
| 300 |
|
|
|a 1 online resource (290 pages)
|
| 336 |
|
|
|a text
|b txt
|2 rdacontent
|
| 337 |
|
|
|a computer
|b c
|2 rdamedia
|
| 338 |
|
|
|a online resource
|b cr
|2 rdacarrier
|
| 588 |
|
|
|a Description based on print version record.
|
| 590 |
|
|
|a Electronic reproduction. Ann Arbor, MI : ProQuest, 2018. Available via World Wide Web. Access may be limited to ProQuest affiliated libraries.
|
| 650 |
|
0 |
|a Literature, Medieval
|x History and criticism
|v Congresses.
|
| 655 |
|
4 |
|a Electronic books.
|
| 700 |
1 |
|
|a Muller, Jan-Dirk,
|e editor.
|
| 700 |
1 |
|
|a Muller-Luckner, Elisabeth,
|e contributor.
|
| 776 |
0 |
8 |
|i Print version:
|t Text und Kontext : Fallstudien und theoretische Begrundungen einer kulturwissenschaftlich angeleiteten Mediavistik.
|d Munchen : R. Oldenbourg Verlag, c2007
|h 290 pages
|z 9783486581065
|
| 797 |
2 |
|
|a ProQuest (Firm)
|
| 856 |
4 |
0 |
|u https://ebookcentral.proquest.com/lib/matrademy/detail.action?docID=5159432
|z Click to View
|